000 00320nam a2200133Ia 4500
008 230917s9999||||xx |||||||||||||| ||und||
040 _e127346
_aMAIN
041 _aEnglish
082 _a350.1 K156K
100 _aKataria, Surender
245 0 _aKarmik parshasan
260 _aJaipur
_bRBSA Publishers
_c369
942 _cBK
999 _c93310
_d93310